Python 3 for absolute beginners (Record no. 882425)

MARC details
000 -LEADER
fixed length control field 00402nam a2200157Ia 4500
008 - FIXED-LENGTH DATA ELEMENTS--GENERAL INFORMATION
fixed length control field 231011s9999 xx 000 0 und d
020 ## - INTERNATIONAL STANDARD BOOK NUMBER
International Standard Book Number 9781480000000
041 ## - LANGUAGE CODE
Language code of text/sound track or separate title eng
082 ## - DEWEY DECIMAL CLASSIFICATION NUMBER
Classification number 005.133/HAL/STA
100 ## - MAIN ENTRY--PERSONAL NAME
Personal name Hall, Timothy, 1968-; Stacey, J-P; SpringerLink
245 ## - TITLE STATEMENT
Title Python 3 for absolute beginners
250 ## - EDITION STATEMENT
Edition statement 1st
260 ## - PUBLICATION, DISTRIBUTION, ETC.
Place of publication, distribution, etc. New York
Name of publisher, distributor, etc. Apess
Date of publication, distribution, etc. 2023
300 ## - PHYSICAL DESCRIPTION
Extent 295
365 ## - TRADE PRICE
Price amount 899

No items available.